000 00557nam a2200193 4500
001 116205
003 ES-MaACL
005 20250730063125.0
007 t|
008 061121s1964 sp r ||||1| spa d
100 0 _aOry, Carlos Edmundo de,
_d1923-2010
_987706
245 1 4 _aUna exhibición peligrosa /
_cCarlos Edmundo Ory.
260 _aMadrid :
_bTaurus,
_c1964.
300 _a276 p. ;
_c19 cm.
490 1 _aNarraciones ;
_v11
830 0 _aNarraciones ;
_v11
_9186364
852 _aES-MaACL
_jC-26095
_bR.54860
999 _c116205
_d116205